000 00642nam a2200253Ia 4500
003 OSt
005 20220918163441.0
006 a|||||r|||| 00| 0
007 ta
008 220917b |||||||| |||| 00| 0 eng d
020 _a0002726734
024 _a3,156
037 _cTextual
040 _aARTS
_cARTS
_beng
041 _2eng
_aeng
082 _aO111:gN, N2
100 _aGross John. Ed.
_913231
245 0 _aModern movement
260 _aLondon
_bHarvill
_c1992
300 _axxiii,310p
_ccm.
650 _aENGLISH LITERATURE
942 _hO111:gN, N2
_cTEXL
_2CC
999 _c119681
_d119681